Ku lian = (Record no. 48871)
[ view plain ]
| 000 -LEADER | |
|---|---|
| fixed length control field | 02032cam a2200421 a 4500 |
| 001 - CONTROL NUMBER | |
| control field | 2219570 |
| 005 - DATE AND TIME OF LATEST TRANSACTION | |
| control field | 20191114091318.0 |
| 008 - FIXED-LENGTH DATA ELEMENTS--GENERAL INFORMATION | |
| fixed length control field | 830214s1981 ch 000 0 eng |
| 010 ## - LIBRARY OF CONGRESS CONTROL NUMBER | |
| LC control number | 83116514 |
| 020 ## - INTERNATIONAL STANDARD BOOK NUMBER | |
| Terms of availability | NT$100.00 ($6.00 U.S.) |
| 035 ## - SYSTEM CONTROL NUMBER | |
| System control number | (OCoLC)ocn709094338 |
| 035 ## - SYSTEM CONTROL NUMBER | |
| System control number | (CStRLIN)CTYOR019924-B |
| 035 ## - SYSTEM CONTROL NUMBER | |
| System control number | 2219570 |
| 040 ## - CATALOGING SOURCE | |
| Original cataloging agency | DLC |
| Transcribing agency | DLC |
| Modifying agency | OCL |
| -- | YUS |
| 041 0# - LANGUAGE CODE | |
| Language code of text/sound track or separate title | chieng |
| 066 ## - CHARACTER SETS PRESENT | |
| Alternate G0 or G1 character set | $1 |
| 245 00 - TITLE STATEMENT | |
| Linkage | 880-01 |
| Title | Ku lian = |
| Remainder of title | Unrequited love : Pai Hua's cinematic script, with related introductory materials / |
| Statement of responsibility, etc | editors, Chang T.C., Chen S.Y., [and] Lin Y.T. |
| 250 ## - EDITION STATEMENT | |
| Edition statement | 1st ed. |
| 260 ## - PUBLICATION, DISTRIBUTION, ETC. (IMPRINT) | |
| Place of publication, distribution, etc | Taipei, Taiwan, R.O.C. : |
| Name of publisher, distributor, etc | Institute of Current China Studies, |
| Date of publication, distribution, etc | 1981. |
| 300 ## - PHYSICAL DESCRIPTION | |
| Extent | 95, 117 p. ; |
| Dimensions | 21 cm. |
| 336 ## - CONTENT TYPE | |
| Content Type Term | text |
| 337 ## - MEDIA TYPE | |
| Media Type Term | unmediated |
| 338 ## - CARRIER TYPE | |
| Carrier Type Term | volume |
| 490 1# - SERIES STATEMENT | |
| Linkage | 880-02 |
| Series statement | Zhongguo wen ti yan jiu cong shu ; |
| Volume number/sequential designation | 3 = |
| Series statement | China study series ; |
| Volume number/sequential designation | no. 3 |
| 505 0# - FORMATTED CONTENTS NOTE | |
| Linkage | 880-03 |
| Formatted contents note | Bai Hua ji qi ku lian / Bian zhe -- Zhong gong dui ku lian zhi pi pan / Zhong gong Jie fang jun bao -- Ping Jie fang jun bao de chen ci lan diao / Liu Desheng -- Zai Zhong gong si ci wen dai hui shang de fa yan / Bai hua -- Dian ying ju ben ku lian / Bai Hua, Peng Ning. |
| 700 12 - ADDED ENTRY--PERSONAL NAME | |
| Linkage | 880-04 |
| Personal name | Bai, Hua, |
| Dates associated with a name | 1930- |
| Title of a work | Ku lian. |
| Date of a work | 1981. |
| 700 1# - ADDED ENTRY--PERSONAL NAME | |
| Linkage | 880-05 |
| Personal name | Peng, Ning. |
| 830 #0 - SERIES ADDED ENTRY--UNIFORM TITLE | |
| Linkage | 880-06 |
| Uniform title | Zhongguo wen ti yan jiu cong shu ; |
| Volume number/sequential designation | 3. |
| 880 00 - ALTERNATE GRAPHIC REPRESENTATION | |
| Linkage | 245-01/$1 |
| a | 苦戀 = |
| b | Unrequited love : Pai Hua's cinematic script, with related introductory materials / |
| c | editors, Chang T.C., Chen S.Y., Lin Y.T. |
| 880 1# - ALTERNATE GRAPHIC REPRESENTATION | |
| Linkage | 490-02/$1 |
| a | 中國問題硏究叢書 ; |
| v | 3 = |
| a | China study series ; |
| v | no. 3 |
| 880 0# - ALTERNATE GRAPHIC REPRESENTATION | |
| Linkage | 505-03/$1 |
| a | 白樺及其苦戀 / 編者 -- 中共對苦戀之批判 / 中共解放軍報 -- 評解放軍報的陳詞濫調 / 劉德生 -- 在中共四次文代會上的發言 / 白樺 -- 電影劇本苦戀 / 白樺, 彭寧. |
| 880 12 - ALTERNATE GRAPHIC REPRESENTATION | |
| Linkage | 700-04/$1 |
| a | 白樺, |
| d | 1930- |
| t | 苦戀. |
| f | 1981. |
| 880 1# - ALTERNATE GRAPHIC REPRESENTATION | |
| Linkage | 700-05/$1 |
| a | 彭寧. |
| 880 #0 - ALTERNATE GRAPHIC REPRESENTATION | |
| Linkage | 830-06/$1 |
| a | 中國問題硏究叢書 ; |
| v | 3. |
| 942 ## - ADDED ENTRY ELEMENTS (KOHA) | |
| Source of classification or shelving scheme | Library of Congress Classification |
| Item type | Books |
| Withdrawn status | Lost status | Source of classification or shelving scheme | Damaged status | Not for loan | Home library | Current library | Shelving location | Date acquired | Source of acquisition | Inventory number | Total Checkouts | Full call number | Barcode | Date last seen | Price effective from | Koha item type |
|---|---|---|---|---|---|---|---|---|---|---|---|---|---|---|---|---|
| Library of Congress Classification | BSOP Library | BSOP Library | Special Collections Chinese | 11/14/2019 | Rev. Bill Yang | 10217 | PN1997 Un7 | 00021588 | 11/14/2019 | 11/14/2019 | Books |
